| 000 | 00563nam a2200217Ia 4500 | ||
|---|---|---|---|
| 003 | OSt | ||
| 005 | 20220926044403.0 | ||
| 006 | a|||||r|||| 00| 0 | ||
| 007 | ta | ||
| 008 | 220923b |||||||| |||| 00| 0 eng d | ||
| 037 | _cGeneral Book | ||
| 040 |
_aRTL _cRTL _beng |
||
| 041 |
_2eng _aeng |
||
| 082 | _aX9:6.2hr, H9;J6 | ||
| 110 |
_aAnnual Report _9348946 |
||
| 245 | 0 | _aIndustrial finance corporation of India. | |
| 260 | _c1949 | ||
| 700 |
_aAnnual Report _9348947 |
||
| 942 |
_hX9:6.2hr, H9;J6 _cGB _2CC |
||
| 999 |
_c674737 _d674737 |
||